[Event "Niederbayernliga 1213"]
[Site "Bayern"]
[Date "2012.??.??"]
[Round "3"]
[White "Gehann, Paul"]
[Black "Pissinger, Martin"]
[Result "0-1"]
[WhiteElo "1770"]
[BlackElo "1884"]
[PlyCount "116"]
[EventDate "2012.10.14"]
[EventType "team-tourn"]
[EventRounds "9"]
[EventCountry "GER"]
[SourceTitle "EXT 2023"]
[Source "ChessBase"]
[SourceDate "2022.10.05"]
[SourceVersion "1"]
[SourceVersionDate "2022.10.05"]
[SourceQuality "1"]
[WhiteTeam "Ergolding"]
[BlackTeam "Straubing SC"]
[WhiteTeamCountry "GER"]
[BlackTeamCountry "GER"]

1. e4 d6 2. Nc3 g6 3. f4 Bg7 4. Nf3 Nf6 5. d4 0-0 6. Be2 Nc6 7. 0-0 Bg4 8. h3 Bxf3 9. Bxf3 e5 10. d5 Nd4 11. fxe5 dxe5 12. Be3 Nxf3+ 13. Rxf3 Ne8 14. Qd2 Nd6 15. Bh6 Qh4 16. Bxg7 Kxg7 17. Qf2 Qxf2+ 18. Rxf2 b5 19. Re2 a5 20. a4 b4 21. Nb1 f5 22. exf5 Rxf5 23. Nd2 e4 24. Nxe4 Rxd5 25. Nxd6 cxd6 26. Re7+ Kh6 27. Rf1 Rc8 28. Rf2 Rdc5 29. Ree2 Kg5 30. b3 Re5 31. Rd2 Rd8 32. Rd4 Rc5 33. Kh2 d5 34. Rg4+ Kh6 35. Rd4 Kg7 36. Rdf4 Rd7 37. Rd4 h5 38. h4 Re7 39. Rfd2 Re5 40. g3 Kf6 41. Rf4+ Rf5 42. Rfd4 Ke6 43. Kg2 Rc3 44. R4d3 Rxd3 45. Rxd3 Ke5 46. Re3+ Kd4 47. Re6 g5 48. hxg5 Rxg5 49. Kf3 Rf5+ 50. Kg2 Re5 51. Rc6 Ke4 52. c3 bxc3 53. Rxc3 d4 54. Rc8 Ke3 55. b4 axb4 56. Rb8 d3 57. Rxb4 d2 58. Rb1 Ke2 0-1

[Event "Niederbayernliga 1112"]
[Site "Bayern"]
[Date "2012.??.??"]
[Round "7"]
[White "Pissinger, Martin"]
[Black "Sadlo, Johannes"]
[Result "1-0"]
[WhiteElo "1896"]
[BlackElo "1431"]
[PlyCount "35"]
[EventDate "2011.10.??"]
[EventType "team-tourn"]
[EventRounds "9"]
[EventCountry "GER"]
[SourceTitle "EXT 2023"]
[Source "ChessBase"]
[SourceDate "2022.10.05"]
[SourceVersion "1"]
[SourceVersionDate "2022.10.05"]
[SourceQuality "1"]
[WhiteTeam "Straubing SC"]
[BlackTeam "Landshut II"]
[WhiteTeamCountry "GER"]
[BlackTeamCountry "GER"]

1. d4 d5 2. Nf3 Nf6 3. Bf4 e6 4. e3 c5 5. c3 Nc6 6. Nbd2 cxd4 7. exd4 h6 8. Ne5 Nxe5 9. Bxe5 Bd6 10. f4 Qe7 11. Bd3 Rg8 12. 0-0 g6 13. c4 b6 14. cxd5 Nxd5 15. Nc4 Bxe5 16. fxe5 Rg7 17. Nd6+ Kd8 18. Qf3 1-0

[Event "Niederbayernliga 1112"]
[Site "Bayern"]
[Date "2012.??.??"]
[Round "9"]
[White "Pissinger, Martin"]
[Black "Schuster, Franz"]
[Result "1-0"]
[WhiteElo "1896"]
[BlackElo "1481"]
[PlyCount "69"]
[EventDate "2011.10.??"]
[EventType "team-tourn"]
[EventRounds "9"]
[EventCountry "GER"]
[SourceTitle "EXT 2023"]
[Source "ChessBase"]
[SourceDate "2022.10.05"]
[SourceVersion "1"]
[SourceVersionDate "2022.10.05"]
[SourceQuality "1"]
[WhiteTeam "Straubing SC"]
[BlackTeam "Roehrnbach"]
[WhiteTeamCountry "GER"]
[BlackTeamCountry "GER"]

1. d4 d5 2. Bf4 Nf6 3. Nf3 Bf5 4. e3 e6 5. Ne5 Bd6 6. Be2 0-0 7. g4 Bg6 8. h4 Bxe5 9. dxe5 Nfd7 10. h5 Nc6 11. hxg6 fxg6 12. Nc3 Ncxe5 13. Qd4 c5 14. Qd2 a6 15. 0-0-0 Qa5 16. Kb1 b5 17. Ne4 b4 18. Ng5 Qb6 19. Rxh7 Nf7 20. Rdh1 Nxg5 21. Bxg5 Kf7 22. e4 d4 23. Qf4+ Ke8 24. Rh8 e5 25. Rxf8+ Nxf8 26. Qxe5+ Kd7 27. Qe7+ Kc6 28. e5 Rc8 29. Rh8 Qb8 30. Bf3+ Kb6 31. Qd6+ Ka5 32. Be7 Qb5 33. Bd8+ Ka4 34. b3+ Ka3 35. Bg5 1-0

[Event "Regionalliga SO 1011"]
[Site "Bayern"]
[Date "2011.02.27"]
[Round "7.7"]
[White "Holzner, Stefan"]
[Black "Pissinger, Martin"]
[Result "1/2-1/2"]
[WhiteElo "1916"]
[BlackElo "1923"]
[PlyCount "28"]
[EventDate "2010.10.10"]
[EventType "team-tourn"]
[EventRounds "9"]
[EventCountry "GER"]
[SourceTitle "EXT 2012"]
[Source "ChessBase"]
[SourceDate "2011.11.24"]
[SourceVersion "1"]
[SourceVersionDate "2011.11.24"]
[SourceQuality "1"]
[WhiteTeam "Pang/Rosenheim II"]
[BlackTeam "Straubing"]
[WhiteTeamCountry "GER"]
[BlackTeamCountry "GER"]

1. d4 g6 2. e4 Bg7 3. c3 d6 4. Nf3 Nf6 5. e5 dxe5 6. Nxe5 Nbd7 7. Nxd7 Bxd7 8. Be2 Bc6 9. 0-0 0-0 10. Na3 Bd5 11. Nc4 c6 12. Bf4 Bxc4 13. Bxc4 Nd5 14. Bxd5 cxd5 1/2-1/2

[Event "Regionalliga SO 1011"]
[Site "Bayern"]
[Date "2011.01.16"]
[Round "5.7"]
[White "Meier, Desiderius"]
[Black "Pissinger, Martin"]
[Result "1-0"]
[WhiteElo "1956"]
[BlackElo "1923"]
[PlyCount "59"]
[EventDate "2010.10.10"]
[EventType "team-tourn"]
[EventRounds "9"]
[EventCountry "GER"]
[SourceTitle "EXT 2012"]
[Source "ChessBase"]
[SourceDate "2011.11.24"]
[SourceVersion "1"]
[SourceVersionDate "2011.11.24"]
[SourceQuality "1"]
[WhiteTeam "Graefelfing"]
[BlackTeam "Straubing"]
[WhiteTeamCountry "GER"]
[BlackTeamCountry "GER"]

1. e4 d6 2. b3 Nf6 3. Nc3 e5 4. Bb2 Be7 5. Bc4 Nc6 6. Nge2 Na5 7. 0-0 Nxc4 8. bxc4 Be6 9. d3 c6 10. Rb1 0-0 11. Bc1 d5 12. cxd5 cxd5 13. exd5 Nxd5 14. Rxb7 Qc8 15. Rb3 Nf4 16. Rb2 Qc6 17. Nxf4 exf4 18. Ne2 Bf6 19. Rb4 f3 20. Nd4 Bxd4 21. Rxd4 fxg2 22. Re1 Qc3 23. Rh4 Rfc8 24. Qe2 Qxc2 25. Qe4 Qc3 26. Qxh7+ Kf8 27. Qe4 Kg8 28. Bg5 g6 29. d4 Re8 30. Bf6 1-0

[Event "Niederbayernliga 0910"]
[Site "Germany"]
[Date "2010.04.11"]
[Round "9.6"]
[White "Pissinger, Martin"]
[Black "Zankl, Thomas"]
[Result "1-0"]
[WhiteElo "1913"]
[BlackElo "1909"]
[PlyCount "121"]
[EventDate "2009.10.18"]
[EventType "team-tourn"]
[EventRounds "9"]
[EventCountry "GER"]
[SourceTitle "EXT 2011"]
[Source "ChessBase"]
[SourceDate "2010.11.26"]
[SourceVersion "1"]
[SourceVersionDate "2010.11.26"]
[SourceQuality "1"]
[WhiteTeam "Straubing"]
[BlackTeam "Rottal II"]
[WhiteTeamCountry "GER"]
[BlackTeamCountry "GER"]

1. d4 Nf6 2. Nf3 g6 3. Bf4 Bg7 4. c3 0-0 5. e3 d5 6. Bd3 Nbd7 7. Nbd2 c5 8. 0-0 Qb6 9. Rb1 Re8 10. Ne5 Nh5 11. Qa4 Nxf4 12. exf4 Rd8 13. Ndf3 Nxe5 14. Nxe5 f6 15. dxc5 Qxc5 16. Nf3 Bd7 17. Qb3 Bc6 18. f5 gxf5 19. Bxf5 e5 20. Rbd1 Kh8 21. Qc2 e4 22. Nd4 Bd7 23. Qe2 Qe7 24. Qh5 Bf8 25. Rfe1 Rac8 26. f3 Bxf5 27. Qxf5 Qe5 28. fxe4 Bc5 29. Rf1 dxe4 30. Qxf6+ Qxf6 31. Rxf6 Bxd4+ 32. cxd4 Rc2 33. Rf2 Rc4 34. d5 e3 35. Re2 Re4 36. Rd3 Rde8 37. g3 Kg7 38. Kg2 R4e5 39. d6 Kg6 40. d7 Rd8 41. Rexe3 Rxe3 42. Rxe3 Rxd7 43. Re2 Kf5 44. Kh3 b6 45. b3 a5 46. Kh4 Rd6 47. Kh5 Rd7 48. Rf2+ Ke5 49. g4 Ke6 50. Kh6 b5 51. h4 Rd4 52. Rg2 a4 53. bxa4 bxa4 54. h5 Rd7 55. Re2+ Kf6 56. g5+ Kf5 57. g6 hxg6 58. hxg6 Rd1 59. Rf2+ Ke6 60. Kh7 a3 61. Rf3 1-0

[Event "Niederbayernliga 0506"]
[Site "Germany"]
[Date "2006.??.??"]
[Round "5"]
[White "Angermeier, Gerhard"]
[Black "Pissinger, Martin"]
[Result "0-1"]
[WhiteElo "1720"]
[BlackElo "1914"]
[PlyCount "94"]
[EventDate "2005.??.??"]
[EventType "team"]
[EventRounds "9"]
[EventCountry "GER"]
[SourceTitle "EXT 2008"]
[Source "ChessBase"]
[SourceDate "2007.11.25"]
[SourceVersion "1"]
[SourceVersionDate "2007.11.25"]
[SourceQuality "1"]
[WhiteTeam "Eggenfelden"]
[BlackTeam "Straubing"]
[WhiteTeamCountry "GER"]
[BlackTeamCountry "GER"]

1. d4 Nf6 2. Nf3 g6 3. c4 Bg7 4. Nc3 d6 5. e4 c6 6. Be2 Qc7 7. 0-0 Nbd7 8. h3 0-0 9. Be3 h6 10. Qc1 Kh7 11. a4 a5 12. Nd2 e5 13. d5 Nc5 14. Ra3 Re8 15. Bxc5 dxc5 16. Rd1 Bf8 17. Rb3 Ng8 18. Nf1 f5 19. Bf3 f4 20. Qd2 Nf6 21. Nh2 h5 22. Qe2 Bh6 23. Kh1 Rg8 24. Rg1 Qf7 25. Rb6 Qc7 26. Rb3 Ra6 27. Qd1 Qf7 28. Be2 g5 29. f3 g4 30. fxg4 hxg4 31. hxg4 Qg6 32. dxc6 bxc6 33. Rb8 Ra7 34. Qd6 Nxg4 35. Qxg6+ Rxg6 36. Nxg4 Bxg4 37. Rd1 Rag7 38. Rdd8 Rg5 39. Rh8+ Kg6 40. Rbd8 Kh5 41. Rd6 R7g6 42. Rxg6 Rxg6 43. Ra8 Bxe2 44. Nxe2 Kg4 45. Rxa5 f3 46. gxf3+ Kxf3 47. Nc3 Be3 0-1

[Event "Niederbayernliga 0506"]
[Site "Germany"]
[Date "2006.??.??"]
[Round "6"]
[White "Schmidbauer, Franz"]
[Black "Pissinger, Martin"]
[Result "1-0"]
[WhiteElo "1883"]
[BlackElo "1914"]
[PlyCount "45"]
[EventDate "2005.??.??"]
[EventType "team"]
[EventRounds "9"]
[EventCountry "GER"]
[SourceTitle "EXT 2008"]
[Source "ChessBase"]
[SourceDate "2007.11.25"]
[SourceVersion "1"]
[SourceVersionDate "2007.11.25"]
[SourceQuality "1"]
[WhiteTeam "Deggendorf"]
[BlackTeam "Straubing"]
[WhiteTeamCountry "GER"]
[BlackTeamCountry "GER"]

1. e4 d6 2. d4 Nf6 3. Nc3 g6 4. f3 Bg7 5. Be3 0-0 6. Qd2 e5 7. Nge2 Nc6 8. g4 exd4 9. Nxd4 Nxd4 10. Bxd4 Be6 11. h4 h5 12. gxh5 Nxh5 13. Bxg7 Kxg7 14. 0-0-0 a6 15. f4 Rh8 16. Bd3 f5 17. exf5 gxf5 18. Rdg1+ Kh6 19. Rg5 Qf6 20. Re1 Rae8 21. Reg1 Reg8 22. Be2 Bf7 23. Bxh5 1-0

[Event "Niederbayernliga 0405"]
[Site "Germany"]
[Date "2004.??.??"]
[Round "2"]
[White "Pissinger, Martin"]
[Black "Golder, Waldemar"]
[Result "1/2-1/2"]
[WhiteElo "1909"]
[BlackElo "1722"]
[PlyCount "103"]
[EventDate "2004.??.??"]
[EventType "team"]
[EventRounds "9"]
[EventCountry "GER"]
[SourceTitle "EXT 2008"]
[Source "ChessBase"]
[SourceDate "2007.11.25"]
[SourceVersion "1"]
[SourceVersionDate "2007.11.25"]
[SourceQuality "1"]
[WhiteTeam "Straubing"]
[BlackTeam "Ergolding"]
[WhiteTeamCountry "GER"]
[BlackTeamCountry "GER"]

1. d4 Nf6 2. Nf3 e6 3. Bf4 b6 4. e3 Be7 5. h3 Bb7 6. Be2 d6 7. 0-0 0-0 8. Nbd2 Nbd7 9. Re1 Re8 10. Bd3 Nd5 11. Bg3 Nb4 12. Bf1 c5 13. c3 Nc6 14. Nc4 Nf6 15. a4 d5 16. Nce5 c4 17. Nd2 Nxe5 18. Bxe5 a6 19. e4 b5 20. b3 Nd7 21. Bg3 Nf8 22. b4 a5 23. bxa5 Rxa5 24. axb5 Rxb5 25. Qc2 Bd6 26. e5 Be7 27. Reb1 Bc6 28. f4 Qd7 29. Rxb5 Bxb5 30. Qa2 Bc6 31. Qa7 Rc8 32. Qxd7 Bxd7 33. Ra7 Rb8 34. Ra2 g5 35. Kf2 gxf4 36. Bxf4 Ng6 37. Be3 Kg7 38. Be2 Bc6 39. Bd1 Rb7 40. g3 Bd8 41. Bc2 Bb6 42. Nf3 Ra7 43. Rxa7 Bxa7 44. Nh2 Bb6 45. Ng4 Ba5 46. Bh6+ Kh8 47. Bd2 Kg7 48. h4 Kh8 49. Ke2 Bd8 50. Kf3 Nf8 51. Bh6 Nd7 52. Bd2 1/2-1/2

[Event "Regionalliga SO 0203"]
[Site "Bayern"]
[Date "2002.10.20"]
[Round "1.6"]
[White "Pissinger, Martin"]
[Black "Riehl, Joerg"]
[Result "0-1"]
[WhiteElo "1907"]
[BlackElo "1980"]
[PlyCount "102"]
[EventDate "2002.10.20"]
[EventType "team"]
[EventRounds "9"]
[EventCountry "GER"]
[SourceTitle "EXT 2004"]
[Source "ChessBase"]
[SourceDate "2003.11.25"]
[SourceVersion "1"]
[SourceVersionDate "2003.11.25"]
[SourceQuality "1"]
[WhiteTeam "Straubing"]
[BlackTeam "Fuerstenfeldbruck"]
[WhiteTeamCountry "GER"]
[BlackTeamCountry "GER"]

1. d4 d5 2. Bf4 c6 3. Nf3 Bf5 4. e3 Qb6 5. Qc1 Nf6 6. Nbd2 e6 7. h3 h6 8. Be2 Be7 9. 0-0 0-0 10. a3 a5 11. Ne5 Rc8 12. Bd3 Bxd3 13. Nxd3 Na6 14. Nf3 c5 15. c3 Qd8 16. a4 Ne4 17. Nd2 Nd6 18. Qb1 Qe8 19. Qa2 cxd4 20. exd4 Nb8 21. Rae1 Nd7 22. Bxd6 Bxd6 23. f4 Nb6 24. f5 Nxa4 25. fxe6 fxe6 26. c4 Qg6 27. Rf3 Rf8 28. Qxa4 Rxf3 29. Nxf3 Qxd3 30. Qd7 Bg3 31. Qxe6+ Kh7 32. Rc1 dxc4 33. Qxc4 Qxc4 34. Rxc4 b5 35. Rc5 b4 36. b3 a4 37. bxa4 Rxa4 38. Rc1 b3 39. Nd2 Bf4 40. Rb1 Bxd2 41. Rxb3 Rxd4 42. g3 Rc4 43. Kg2 Rc2 44. h4 Be1+ 45. Kf3 Rc3+ 46. Rxc3 Bxc3 47. h5 Kg8 48. Ke4 Kf7 49. Kf5 Bd2 50. g4 Bg5 51. Ke5 Ke7 0-1

[Event "Regionalliga SO 0001"]
[Site "Bayern"]
[Date "2001.02.18"]
[Round "6.6"]
[White "Pissinger, Martin"]
[Black "Loderbauer, Gerhard"]
[Result "1/2-1/2"]
[WhiteElo "1830"]
[BlackElo "1880"]
[PlyCount "42"]
[EventDate "2000.10.15"]
[EventType "team-tourn"]
[EventRounds "9"]
[EventCountry "GER"]
[SourceTitle "EXT 2020"]
[Source "ChessBase"]
[SourceDate "2019.10.17"]
[SourceVersion "1"]
[SourceVersionDate "2019.10.17"]
[SourceQuality "1"]
[WhiteTeam "Straubing SC"]
[BlackTeam "Passau II"]
[WhiteTeamCountry "GER"]
[BlackTeamCountry "GER"]

1. d4 g6 2. Bg5 Bg7 3. Nf3 Nf6 4. Nbd2 0-0 5. e4 d5 6. e5 Ne4 7. Be3 c5 8. c3 Nxd2 9. Qxd2 cxd4 10. cxd4 Nc6 11. Be2 Qa5 12. 0-0 Qxd2 13. Nxd2 b6 14. Rfc1 Bb7 15. Rc3 Rfc8 16. Rac1 Nb4 17. a3 Na6 18. Nb1 Rxc3 19. Rxc3 Rc8 20. Rxc8+ Bxc8 21. Nc3 Nc7 1/2-1/2

[Event "Regionalliga SO 0001"]
[Site "Bayern"]
[Date "2000.12.10"]
[Round "3.7"]
[White "Scholl, Reinhard"]
[Black "Pissinger, Martin"]
[Result "1/2-1/2"]
[WhiteElo "1845"]
[BlackElo "1825"]
[PlyCount "114"]
[EventDate "2000.10.15"]
[EventType "team-tourn"]
[EventRounds "9"]
[EventCountry "GER"]
[SourceTitle "EXT 2020"]
[Source "ChessBase"]
[SourceDate "2019.10.17"]
[SourceVersion "1"]
[SourceVersionDate "2019.10.17"]
[SourceQuality "1"]
[WhiteTeam "Landshut"]
[BlackTeam "Straubing SC"]
[WhiteTeamCountry "GER"]
[BlackTeamCountry "GER"]

1. d4 d5 2. Nf3 e6 3. Bf4 f5 4. e3 Nf6 5. Be2 Be7 6. 0-0 0-0 7. Nbd2 c6 8. Ne1 b6 9. c3 Ba6 10. Nd3 Ne4 11. f3 Nd6 12. Qa4 Bb5 13. Qc2 a5 14. b3 Nd7 15. c4 Ba6 16. Rac1 Rc8 17. Rfe1 Qe8 18. Ne5 g5 19. Nxd7 Qxd7 20. Be5 Nf7 21. Bg3 Qb7 22. e4 Nh6 23. Bd3 Bf6 24. e5 Be7 25. Bf2 b5 26. c5 b4 27. Nf1 Bxd3 28. Qxd3 Kf7 29. g3 Rg8 30. a3 bxa3 31. Ra1 Rb8 32. Rxa3 Qb5 33. Qxb5 Rxb5 34. Rea1 Rgb8 35. Rxa5 Rxa5 36. Rxa5 Rxb3 37. Kg2 g4 38. f4 Ke8 39. Ra6 Kd7 40. Ra7+ Kd8 41. Ra8+ Kd7 42. Ra7+ Kd8 43. Ra8+ Kd7 44. Rh8 Nf7 45. Rxh7 Ke8 46. h3 gxh3+ 47. Rxh3 Bd8 48. g4 Rxh3 49. Kxh3 fxg4+ 50. Kxg4 Nh6+ 51. Kh5 Nf5 52. Kg4 Kf7 53. Ng3 Nxg3 54. Kxg3 Kg6 55. Kg4 Ba5 56. Be3 Bd8 57. Bd2 Bc7 1/2-1/2

[Event "Regionalliga SO 9798"]
[Site "Bayern"]
[Date "1998.??.??"]
[Round "?.7"]
[White "Zankl, Thomas"]
[Black "Pissinger, Martin"]
[Result "1-0"]
[WhiteElo "1945"]
[BlackElo "1790"]
[PlyCount "45"]
[EventDate "1997.10.19"]
[EventType "team-tourn"]
[EventRounds "9"]
[EventCountry "GER"]
[SourceTitle "EXT 2020"]
[Source "ChessBase"]
[SourceDate "2019.10.17"]
[SourceVersion "1"]
[SourceVersionDate "2019.10.17"]
[SourceQuality "1"]
[WhiteTeam "Pfarrkirchen SC"]
[BlackTeam "Straubing SC"]
[WhiteTeamCountry "GER"]
[BlackTeamCountry "GER"]

1. d4 f5 2. Bg5 Nf6 3. Nf3 d5 4. e3 Nbd7 5. c4 e6 6. Nc3 c6 7. Qc2 h6 8. Bf4 Ne4 9. Nxe4 fxe4 10. Nd2 Qf6 11. Be2 Be7 12. Qb3 0-0 13. cxd5 cxd5 14. 0-0 Nb8 15. f3 exf3 16. Nxf3 Nc6 17. Ne5 Nxe5 18. Bxe5 Qg6 19. Rxf8+ Bxf8 20. Rf1 Be7 21. Bd3 Qe8 22. Qc2 Bf8 23. Bg6 1-0

[Event "Regionalliga SO 9495"]
[Site "Bayern"]
[Date "1995.??.??"]
[Round "?.8"]
[White "Pissinger, Martin"]
[Black "Huber, Hans"]
[Result "0-1"]
[WhiteElo "1655"]
[BlackElo "1990"]
[PlyCount "94"]
[EventDate "1994.10.??"]
[EventType "team-tourn"]
[EventRounds "9"]
[EventCountry "GER"]
[SourceTitle "EXT 1999"]
[Source "ChessBase"]
[SourceDate "1998.11.16"]
[SourceVersion "1"]
[SourceVersionDate "1998.11.16"]
[SourceQuality "1"]
[WhiteTeam "Straubing SC"]
[BlackTeam "Trostberg TSV"]
[WhiteTeamCountry "GER"]
[BlackTeamCountry "GER"]

1. d4 Nf6 2. Nf3 g6 3. Bg5 Bg7 4. Nbd2 d5 5. e3 0-0 6. Bd3 Nbd7 7. 0-0 c5 8. c3 b6 9. e4 dxe4 10. Nxe4 cxd4 11. cxd4 Bb7 12. Qe2 h6 13. Bh4 Nxe4 14. Bxe4 Bxe4 15. Qxe4 Nf6 16. Qb7 g5 17. Bg3 Qd7 18. Qxd7 Nxd7 19. Rfe1 e6 20. Rac1 Rac8 21. b3 Rfe8 22. h3 Bf8 23. h4 g4 24. Ne5 Nxe5 25. Bxe5 h5 26. f3 Be7 27. fxg4 hxg4 28. g3 Ba3 29. Rxc8 Rxc8 30. Re2 f5 31. Kf2 Rc6 32. Ke3 Bc1+ 33. Kd3 Kf7 34. Rf2 Kg6 35. a4 a6 36. Re2 Bh6 37. d5 exd5 38. Kd4 Bg7 39. Kxd5 Rc5+ 40. Kd4 Bf8 41. Bf4 Bg7+ 42. Be5 Bf8 43. Kd3 Rd5+ 44. Kc4 Rc5+ 45. Kd3 Rd5+ 46. Kc2 Rc5+ 47. Kb2 Rxe5 0-1

[Event "Regionalliga SO 9495"]
[Site "Bayern"]
[Date "1995.??.??"]
[Round "?.8"]
[White "Pissinger, Martin"]
[Black "Reisinger, Georg"]
[Result "1-0"]
[WhiteElo "1655"]
[BlackElo "1815"]
[PlyCount "41"]
[EventDate "1994.10.??"]
[EventType "team-tourn"]
[EventRounds "9"]
[EventCountry "GER"]
[SourceTitle "EXT 1999"]
[Source "ChessBase"]
[SourceDate "1998.11.16"]
[SourceVersion "1"]
[SourceVersionDate "1998.11.16"]
[SourceQuality "1"]
[WhiteTeam "Straubing SC"]
[BlackTeam "Deggendorf"]
[WhiteTeamCountry "GER"]
[BlackTeamCountry "GER"]

1. d4 d5 2. Nf3 Nf6 3. Bg5 e6 4. Nbd2 Be7 5. e3 0-0 6. Bd3 Nbd7 7. 0-0 c5 8. c3 Re8 9. Re1 Qb6 10. Qc1 Bd6 11. e4 dxe4 12. Nxe4 Nxe4 13. Rxe4 cxd4 14. cxd4 Nf8 15. Rh4 Bd7 16. Bf6 Ng6 17. Qg5 h6 18. Rxh6 gxh6 19. Qxh6 Bf8 20. Qh5 Bg7 21. Ng5 1-0